Sanat - "Kalliolle kukkulalle" - Suomalainen kansanlaulu - Statistics

Yleistilastot
  • Tätä visaa on pelattu 54 kertaa
  • Keskiarvotulos 52 / 140
Vastaustilastot
Vastaus % Oikein
Kalliolle
100%
kalliolle
100%
kukkulalle
100%
majani
95%
minä
95%
rakennan
92%
tule
85%
nuori
82%
tyttö/poika
82%
jakamaan
77%
kanssani
77%
se
77%
sen
74%
mun
72%
pois
72%
kauas
69%
lähden
67%
muille
64%
täältä
64%
et
62%
maille
62%
vierahille
62%
saa
59%
sinua
56%
sua
51%
Jos
49%
jos
49%
etten
44%
en
36%
siinä
31%
sinä
31%
mulle
15%
yksin
13%
aina
10%
muistan
10%
tiedän
10%
olen
8%
tyydyn
8%
anteeksi
5%
arvo
5%
asiassa
5%
auta
5%
jollakulla
5%
kahden
5%
kertaa
5%
koettaa
5%
Kyllähän
5%
kyllähän
5%
mieltäsi
5%
nuoren
5%
onneeni
5%
oon
5%
pahottanna
5%
paranna
5%
pyydän
5%
rakkaus
5%
rikkaus
5%
tällä
5%
tapojain
5%
tässä
5%
tavalla
5%
varmaan
5%
voimiansa
5%
Eipä
3%
eipä
3%
koskaan
3%
tiedät
3%
jost
0%
palaa
0%
Ehtoja vastaavia visoja ei löytynyt
Tulosjakauma
Jokaisen tuloksen saaneiden osuus
Persentiili vastausten määrän mukaan
Tuloshistoriasi
Et ole pelannut tätä visaa